LDR 00819naa#a2200181#i#450# 001 EN\\bibl\123552 005 20260702011217.4 011 ## _a2686-9896 100 ## _a20260515b2026####ek#y0engy0150####ca 102 ## _aRU 200 1# _aIT-TECHNOLOGIES FOR AUTOMATING ACCOUNTING AT INDUSTRIAL ENTERPRISES IN THE RUSSIAN FEDERATION _eJournal article 210 1# _aAngarsk _cFederal State Funded Educational Establishment of Higher Education «Angarsk State Technical University» _d2026 215 ## _a1 с. 608 ## _aJournal article _2local 675 ## _aИнформационные технологии. Компьютерные технологии. Теория вычислительных машин и систем. 004 _z 700 #1 _aCheklaukova _gElena Leonidovna 700 #1 _aStrakhov _gAlexandr Igorevich 856 4# _aangtu.editorum.ru _u